[Event "Najdorf Memorial"]
[Site "Warsaw POL"]
[Date "2021.07.18"]
[Round "9.3"]
[White "Donchenko, Alexander"]
[Black "Kanarek, Marcel"]
[Result "1-0"]
[WhiteElo "2652"]
[BlackElo "2498"]
[EventDate "????.??.??"]
[PlyCount "85"]
[LiveChessVersion "1.4.8"]

1.d4 {[%clk 1:30:57]} 1...Nf6 {[%clk 1:30:52]} 2.c4 {[%clk 1:31:17]} 2...g6
{[%clk 1:31:17]} 3.Nc3 {[%clk 1:31:37]} 3...Bg7 {[%clk 1:31:13]} 4.e4 {[%clk
1:31:53]} 4...d6 {[%clk 1:31:36]} 5.Nf3 {[%clk 1:32:12]} 5...O-O {[%clk
1:31:58]} 6.Be2 {[%clk 1:32:30]} 6...e5 {[%clk 1:32:24]} 7.O-O {[%clk 1:32:44]}
7...Nc6 {[%clk 1:28:35]} 8.d5 {[%clk 1:30:36]} 8...Ne7 {[%clk 1:29:03]} 9.b4
{[%clk 1:30:53]} 9...a5 {[%clk 1:21:34]} 10.bxa5 {[%clk 1:30:28]} 10...Ra7
11.a6 Rxa6 {[%clk 1:20:05]} 12.a4 {[%clk 1:30:40]} 12...Ra5 {[%clk 1:19:45]}
13.Ra2 c5 14.Ra3 {[%clk 1:30:50]} 14...Ra6 {[%clk 1:15:35]} 15.h3 {[%clk
1:30:47]} 15...h6 {[%clk 1:02:31]} 16.Bd2 {[%clk 1:18:39]} 16...Nh5 {[%clk
0:53:14]} 17.Nh2 {[%clk 1:12:41]} 17...Nf4 {[%clk 0:52:43]} 18.Bf3 {[%clk
1:12:39]} 18...f5 {[%clk 0:51:14]} 19.h4 {[%clk 1:11:19]} 19...g5 {[%clk
0:31:18]} 20.hxg5 {[%clk 1:09:27]} 20...hxg5 {[%clk 0:31:46]} 21.exf5 {[%clk
1:07:45]} 21...Nxf5 {[%clk 0:18:41]} 22.g3 {[%clk 1:05:28]} 22...Nh3+ {[%clk
0:18:10]} 23.Kg2 {[%clk 1:04:05]} 23...Nh6 {[%clk 0:17:49]} 24.Ng4 {[%clk
0:32:56]} 24...Qd7 {[%clk 0:17:02]} 25.Kxh3 {[%clk 0:29:37]} 25...Qf5 {[%clk
0:13:51]} 26.Kg2 {[%clk 0:16:30]} 26...Nxg4 {[%clk 0:13:48]} 27.Be4 {[%clk
0:16:59]} 27...Qf7 {[%clk 0:04:54]} 28.f3 {[%clk 0:16:24]} 28...Nf6 {[%clk
0:03:31]} 29.Bb1 {[%clk 0:12:05]} 29...g4 {[%clk 0:01:26]} 30.f4 {[%clk
0:10:42]} 30...exf4 {[%clk 0:00:55]} 31.Rxf4 {[%clk 0:09:02]} 31...Qh5 {[%clk
0:01:10]} 32.Ne2 {[%clk 0:05:59]} 32...Bd7 {[%clk 0:00:54]} 33.Kg1 {[%clk
0:03:07]} 33...b5 {[%clk 0:00:40]} 34.cxb5 {[%clk 0:03:35]} 34...Bxb5 {[%clk
0:01:01]} 35.Rf5 {[%clk 0:03:58]} 35...Qe8 {[%clk 0:00:38]} 36.Re3 {[%clk
0:02:23]} 36...Bxa4 {[%clk 0:00:43]} 37.Qe1 {[%clk 0:02:24]} 37...Qb8 {[%clk
0:00:34]} 38.Nf4 {[%clk 0:01:19]} 38...Bd7 {[%clk 0:00:34]} 39.Rg5 {[%clk
0:01:40]} 39...Ra1 {[%clk 0:00:37]} 40.Re7 {[%clk 0:01:21]} 40...Bf5 {[%clk
0:00:31]} 41.Rgxg7+ {[%clk 0:01:06]} 41...Kh8 {[%clk 0:01:00]} 42.Bxf5 {[%clk
0:31:21]} 42...Rxe1+ {[%clk 0:31:18]} 43.Bxe1 {[%clk 0:31:39]} 1-0

[Event "Najdorf Memorial"]
[Site "Warsaw POL"]
[Date "2021.07.18"]
[Round "9.4"]
[White "Dragun, Kamil"]
[Black "Czopor, Maciej"]
[Result "1/2-1/2"]
[WhiteElo "2557"]
[BlackElo "2279"]
[EventDate "????.??.??"]
[PlyCount "111"]
[LiveChessVersion "1.4.8"]

1.d4 {[%clk 1:28:22]} 1...Nf6 {[%clk 1:30:52]} 2.c4 {[%clk 1:28:47]} 2...e6
{[%clk 1:31:18]} 3.Nc3 {[%clk 1:29:13]} 3...Bb4 {[%clk 1:31:41]} 4.e3 {[%clk
1:29:31]} 4...d5 {[%clk 1:31:48]} 5.a3 {[%clk 1:29:52]} 5...Bxc3+ {[%clk
1:32:04]} 6.bxc3 {[%clk 1:30:16]} 6...c6 {[%clk 1:32:15]} 7.cxd5 {[%clk
1:23:49]} 7...cxd5 {[%clk 1:32:08]} 8.c4 {[%clk 1:24:07]} 8...O-O {[%clk
1:30:52]} 9.Nf3 {[%clk 1:17:52]} 9...b6 {[%clk 1:30:39]} 10.Bb2 {[%clk 0:58:11]}
10...Ba6 {[%clk 1:30:01]} 11.Rc1 {[%clk 0:58:35]} 11...Nbd7 {[%clk 1:20:42]}
12.Nd2 {[%clk 0:54:39]} 12...Rc8 {[%clk 0:58:57]} 13.Bd3 {[%clk 0:53:14]}
13...Rc7 {[%clk 0:55:12]} 14.O-O {[%clk 0:50:23]} 14...Qa8 {[%clk 0:50:49]}
15.Qb3 {[%clk 0:46:07]} 15...Rfc8 {[%clk 0:48:29]} 16.f3 {[%clk 0:40:04]}
16...dxc4 {[%clk 0:39:55]} 17.Nxc4 {[%clk 0:37:16]} 17...Qd5 {[%clk 0:40:00]}
18.e4 {[%clk 0:37:34]} 18...Qg5 {[%clk 0:39:27]} 19.f4 {[%clk 0:13:38]}
19...Qb5 {[%clk 0:39:09]} 20.Qxb5 {[%clk 0:11:29]} 20...Bxb5 {[%clk 0:39:35]}
21.Nxb6 {[%clk 0:11:45]} 21...Nxb6 {[%clk 0:38:59]} 22.Bxb5 {[%clk 0:11:49]}
22...Nxe4 {[%clk 0:38:50]} 23.Ba6 {[%clk 0:12:08]} 23...Rxc1 {[%clk 0:39:00]}
24.Rxc1 {[%clk 0:12:33]} 24...Rxc1+ {[%clk 0:39:12]} 25.Bxc1 {[%clk 0:13:01]}
25...Kf8 {[%clk 0:38:01]} 26.Kf1 {[%clk 0:13:02]} 26...Ke7 {[%clk 0:37:10]}
27.Ke2 {[%clk 0:12:56]} 27...Kd6 {[%clk 0:35:53]} 28.Kd3 {[%clk 0:12:57]}
28...Nf2+ {[%clk 0:31:57]} 29.Ke2 {[%clk 0:13:16]} 29...Ne4 {[%clk 0:32:22]}
30.Kd3 {[%clk 0:13:41]} 30...Nf2+ {[%clk 0:32:48]} 31.Kc3 {[%clk 0:07:58]}
31...Nd5+ {[%clk 0:32:19]} 32.Kc4 {[%clk 0:04:52]} 32...Ng4 {[%clk 0:32:23]}
33.Bb7 {[%clk 0:05:10]} 33...Nge3+ {[%clk 0:27:24]} 34.Kb5 {[%clk 0:02:29]}
34...Nxg2 {[%clk 0:26:16]} 35.Ka6 {[%clk 0:02:37]} 35...Ngxf4 {[%clk 0:26:22]}
36.a4 {[%clk 0:02:15]} 36...Ne2 {[%clk 0:24:39]} 37.Ba3+ {[%clk 0:02:36]}
37...Kc7 {[%clk 0:24:57]} 38.Bc5 {[%clk 0:03:05]} 38...f5 {[%clk 0:25:04]}
39.Kxa7 {[%clk 0:03:21]} 39...f4 {[%clk 0:25:20]} 40.a5 {[%clk 0:33:30]}
40...f3 {[%clk 0:54:34]} 41.Bb6+ {[%clk 0:33:51]} 41...Kd7 {[%clk 0:53:06]}
42.Ba6 {[%clk 0:34:15]} 42...Nxb6 {[%clk 0:39:53]} 43.Bb5+ {[%clk 0:24:49]}
43...Ke7 {[%clk 0:36:21]} 44.Kxb6 {[%clk 0:24:19]} 44...Nxd4 {[%clk 0:36:39]}
45.Bd3 {[%clk 0:24:42]} 45...Kd6 {[%clk 0:36:09]} 46.a6 {[%clk 0:25:07]}
46...Nc6 {[%clk 0:36:34]} 47.Bxh7 {[%clk 0:25:28]} 47...f2 {[%clk 0:33:10]}
48.Bd3 {[%clk 0:24:54]} 48...e5 {[%clk 0:32:24]} 49.Bf1 {[%clk 0:25:11]}
49...e4 {[%clk 0:31:20]} 50.h4 {[%clk 0:25:32]} 50...e3 {[%clk 0:27:20]} 51.h5
{[%clk 0:25:48]} 51...Nd4 {[%clk 0:22:42]} 52.a7 {[%clk 0:24:31]} 52...e2
{[%clk 0:23:09]} 53.Bxe2 {[%clk 0:22:05]} 53...Nxe2 {[%clk 0:23:26]} 54.a8=Q
{[%clk 0:22:32]} 54...f1=Q {[%clk 0:23:49]} 55.Qd8+ {[%clk 0:22:40]} 55...Ke5
{[%clk 0:22:00]} 56.Qe7+ {[%clk 0:22:29]} 1/2-1/2

[Event "Najdorf Memorial"]
[Site "Warsaw POL"]
[Date "2021.07.18"]
[Round "9.5"]
[White "Niedbala, Bartlomiej"]
[Black "Rozentalis, Eduardas"]
[Result "1/2-1/2"]
[WhiteElo "2360"]
[BlackElo "2526"]
[EventDate "????.??.??"]
[PlyCount "56"]
[LiveChessVersion "1.4.8"]

1.e4 {[%clk 1:29:54]} 1...e6 {[%clk 1:29:51]} 2.d4 {[%clk 1:28:14]} 2...d5
{[%clk 1:30:12]} 3.Nc3 {[%clk 1:22:56]} 3...Nc6 {[%clk 1:27:53]} 4.e5 {[%clk
1:22:58]} 4...Nge7 {[%clk 1:26:25]} 5.Nf3 {[%clk 1:23:23]} 5...Nf5 {[%clk
1:26:37]} 6.h4 {[%clk 1:22:51]} 6...h5 {[%clk 1:25:54]} 7.Bg5 {[%clk 1:13:30]}
7...Be7 {[%clk 1:20:51]} 8.Qd2 {[%clk 1:08:58]} 8...Bd7 {[%clk 1:13:26]}
9.O-O-O {[%clk 1:02:27]} 9...b6 {[%clk 1:05:41]} 10.Kb1 {[%clk 0:47:06]}
10...a6 {[%clk 0:53:55]} 11.g3 {[%clk 0:40:53]} 11...Na5 {[%clk 0:33:37]}
12.Bd3 {[%clk 0:38:26]} 12...g6 {[%clk 0:30:17]} 13.Ka1 {[%clk 0:26:04]}
13...Bb5 {[%clk 0:24:34]} 14.Bxf5 {[%clk 0:13:47]} 14...gxf5 {[%clk 0:24:55]}
15.b3 {[%clk 0:10:15]} 15...Kd7 {[%clk 0:22:11]} 16.Kb2 {[%clk 0:07:23]}
16...Kc8 {[%clk 0:20:45]} 17.a3 {[%clk 0:05:58]} 17...Kb7 {[%clk 0:16:40]}
18.Rhe1 {[%clk 0:02:33]} 18...Rg8 {[%clk 0:08:47]} 19.Nb1 {[%clk 0:01:59]}
19...Rc8 {[%clk 0:07:49]} 20.Bxe7 {[%clk 0:01:09]} 20...Qxe7 {[%clk 0:08:15]}
21.Qb4 {[%clk 0:01:12]} 21...c5 {[%clk 0:03:29]} 22.dxc5 {[%clk 0:01:30]}
22...Rxc5 {[%clk 0:03:45]} 23.Nd4 {[%clk 0:01:24]} 23...Nc6 {[%clk 0:02:58]}
24.Nxc6 {[%clk 0:01:16]} 24...Bxc6 {[%clk 0:03:26]} 25.Rd4 {[%clk 0:00:56]}
25...Rc8 {[%clk 0:03:08]} 26.Rc1 {[%clk 0:00:55]} 26...Qc7 {[%clk 0:02:51]}
27.f4 {[%clk 0:01:02]} 27...Be8 {[%clk 0:02:04]} 28.Qd2 {[%clk 0:00:46]}
28...a5 {[%clk 0:02:12]} 1/2-1/2

[Event "Najdorf Memorial"]
[Site "Warsaw POL"]
[Date "2021.07.18"]
[Round "9.6"]
[White "Gumularz, Szymon"]
[Black "Licznerski, Lukasz"]
[Result "1-0"]
[WhiteElo "2515"]
[BlackElo "2400"]
[EventDate "????.??.??"]
[PlyCount "71"]
[LiveChessVersion "1.4.8"]

1.d4 {[%clk 1:29:26]} 1...Nf6 {[%clk 1:23:33]} 2.c4 {[%clk 1:29:46]} 2...g6
{[%clk 1:22:58]} 3.Nc3 {[%clk 1:30:02]} 3...d5 {[%clk 1:23:17]} 4.Nf3 {[%clk
1:30:07]} 4...Bg7 {[%clk 1:23:44]} 5.Qb3 {[%clk 1:30:02]} 5...dxc4 {[%clk
1:23:51]} 6.Qxc4 {[%clk 1:30:27]} 6...O-O {[%clk 1:24:05]} 7.e4 {[%clk 1:30:52]}
7...Nc6 {[%clk 1:23:46]} 8.Be2 {[%clk 1:30:43]} 8...Bg4 {[%clk 1:24:12]} 9.d5
{[%clk 1:30:32]} 9...Na5 {[%clk 1:23:39]} 10.Qb4 {[%clk 1:30:10]} 10...Bxf3
{[%clk 1:23:52]} 11.Bxf3 {[%clk 1:30:36]} 11...c6 {[%clk 1:24:13]} 12.O-O
{[%clk 1:30:59]} 12...Qb6 {[%clk 1:22:10]} 13.Qa4 {[%clk 1:31:22]} 13...Nd7
{[%clk 1:18:50]} 14.Rd1 {[%clk 1:31:45]} 14...Rfd8 {[%clk 0:58:05]} 15.g3
{[%clk 1:31:56]} 15...a6 {[%clk 0:31:32]} 16.Qc2 {[%clk 0:40:45]} 16...Qc7
{[%clk 0:26:35]} 17.Qe2 {[%clk 0:37:40]} 17...b5 {[%clk 0:25:04]} 18.Bf4 {[%clk
0:37:08]} 18...Ne5 {[%clk 0:23:04]} 19.Bg2 {[%clk 0:35:14]} 19...Rac8 {[%clk
0:07:28]} 20.Bh3 {[%clk 0:34:46]} 20...Rb8 {[%clk 0:07:08]} 21.Rac1 {[%clk
0:33:54]} 21...Qb6 {[%clk 0:00:58]} 22.b3 {[%clk 0:33:49]} 22...Ra8 {[%clk
0:00:42]} 23.Be3 {[%clk 0:32:55]} 23...Qb7 {[%clk 0:01:06]} 24.f4 {[%clk
0:32:08]} 24...Nd7 {[%clk 0:01:29]} 25.e5 {[%clk 0:31:17]} 25...b4 {[%clk
0:00:34]} 26.dxc6 {[%clk 0:31:06]} 26...Nxc6 {[%clk 0:01:03]} 27.Na4 {[%clk
0:31:00]} 27...e6 {[%clk 0:00:31]} 28.Bg2 {[%clk 0:30:23]} 28...Rac8 {[%clk
0:00:51]} 29.Nc5 {[%clk 0:24:34]} 29...Nxc5 {[%clk 0:00:32]} 30.Rxd8+ {[%clk
0:25:00]} 30...Rxd8 {[%clk 0:00:46]} 31.Rxc5 {[%clk 0:25:26]} 31...Rd5 {[%clk
0:00:31]} 32.Bxd5 {[%clk 0:25:36]} 32...exd5 {[%clk 0:01:00]} 33.Qc2 {[%clk
0:25:34]} 33...d4 {[%clk 0:00:50]} 34.Rxc6 {[%clk 0:25:25]} 34...dxe3 {[%clk
0:01:18]} 35.Rc8+ {[%clk 0:25:49]} 35...Bf8 {[%clk 0:01:43]} 36.Qc5 {[%clk
0:26:14]} 1-0

[Event "Najdorf Memorial"]
[Site "Warsaw POL"]
[Date "2021.07.18"]
[Round "9.7"]
[White "Romanishin, Oleg M"]
[Black "Kosakowski, Jakub"]
[Result "0-1"]
[WhiteElo "2404"]
[BlackElo "2417"]
[EventDate "????.??.??"]
[PlyCount "76"]
[LiveChessVersion "1.4.8"]

1.Nf3 {[%clk 1:30:57]} 1...Nf6 {[%clk 1:30:49]} 2.g3 {[%clk 1:31:22]} 2...g6
{[%clk 1:30:59]} 3.Bg2 {[%clk 1:31:45]} 3...Bg7 {[%clk 1:31:16]} 4.c4 {[%clk
1:32:05]} 4...c6 {[%clk 1:31:36]} 5.d4 {[%clk 1:31:09]} 5...d5 {[%clk 1:31:54]}
6.Qb3 {[%clk 1:24:48]} 6...a5 {[%clk 1:30:21]} 7.O-O {[%clk 1:15:20]} 7...a4
{[%clk 1:27:00]} 8.Qb4 {[%clk 1:15:14]} 8...dxc4 {[%clk 1:26:33]} 9.Qxc4 {[%clk
1:14:47]} 9...O-O {[%clk 1:26:35]} 10.Nc3 {[%clk 1:10:52]} 10...Bf5 {[%clk
1:19:13]} 11.a3 {[%clk 1:04:03]} 11...b5 {[%clk 1:11:40]} 12.Qa2 {[%clk
1:03:47]} 12...Ne4 {[%clk 1:09:15]} 13.Bf4 {[%clk 0:51:27]} 13...Nd7 {[%clk
1:01:50]} 14.Rac1 {[%clk 0:43:01]} 14...Nxc3 {[%clk 0:53:29]} 15.Rxc3 {[%clk
0:43:18]} 15...c5 {[%clk 0:53:49]} 16.Rd1 {[%clk 0:25:37]} 16...b4 {[%clk
0:46:17]} 17.Rcc1 {[%clk 0:25:29]} 17...b3 {[%clk 0:43:58]} 18.Qa1 {[%clk
0:25:54]} 18...Qb6 {[%clk 0:43:52]} 19.dxc5 {[%clk 0:20:12]} 19...Nxc5 {[%clk
0:36:46]} 20.Be3 {[%clk 0:20:14]} 20...Rac8 {[%clk 0:20:08]} 21.Nd4 {[%clk
0:17:19]} 21...Bd7 {[%clk 0:09:28]} 22.Nf3 {[%clk 0:12:43]} 22...Be6 {[%clk
0:08:17]} 23.Ng5 {[%clk 0:12:05]} 23...Qb5 {[%clk 0:07:55]} 24.Bf3 {[%clk
0:10:23]} 24...Bc4 {[%clk 0:07:00]} 25.Rd2 {[%clk 0:07:50]} 25...h6 {[%clk
0:05:42]} 26.Bxc5 {[%clk 0:07:48]} 26...Qxc5 {[%clk 0:05:35]} 27.Ne4 {[%clk
0:07:28]} 27...Qa5 {[%clk 0:05:49]} 28.Nc3 {[%clk 0:06:41]} 28...Be6 {[%clk
0:06:00]} 29.Rd3 {[%clk 0:06:53]} 29...Rfd8 {[%clk 0:05:14]} 30.Be4 {[%clk
0:01:03]} 30...Bc4 {[%clk 0:03:34]} 31.Rxd8+ {[%clk 0:00:46]} 31...Rxd8 {[%clk
0:04:00]} 32.Qb1 {[%clk 0:01:01]} 32...Rd2 {[%clk 0:03:51]} 33.Bxg6 {[%clk
0:00:52]} 33...fxg6 {[%clk 0:04:02]} 34.Qxg6 {[%clk 0:01:06]} 34...Bf7 {[%clk
0:04:04]} 35.Qg4 {[%clk 0:01:09]} 35...Rxb2 {[%clk 0:03:15]} 36.Nxa4 {[%clk
0:00:57]} 36...Rd2 {[%clk 0:03:12]} 37.Rc5 {[%clk 0:00:33]} 37...Qxc5 {[%clk
0:02:37]} 38.Nxc5 {[%clk 0:01:00]} 38...b2 {[%clk 0:03:00]} 0-1

[Event "Najdorf Memorial"]
[Site "Warsaw POL"]
[Date "2021.07.18"]
[Round "9.8"]
[White "Klepek, Witold"]
[Black "Lewtak, Damian"]
[Result "0-1"]
[WhiteElo "2192"]
[BlackElo "2380"]
[EventDate "????.??.??"]
[PlyCount "102"]
[LiveChessVersion "1.4.8"]

1.e4 {[%clk 1:30:57]} 1...c6 {[%clk 1:30:56]} 2.d4 {[%clk 1:30:33]} 2...d5
{[%clk 1:31:22]} 3.exd5 {[%clk 1:30:00]} 3...cxd5 {[%clk 1:31:46]} 4.c4 {[%clk
1:30:15]} 4...Nf6 {[%clk 1:32:07]} 5.Nc3 {[%clk 1:30:14]} 5...Nc6 {[%clk
1:32:10]} 6.Nf3 {[%clk 1:28:12]} 6...g6 {[%clk 1:32:17]} 7.cxd5 {[%clk 1:26:34]}
7...Nxd5 {[%clk 1:32:39]} 8.Bc4 {[%clk 1:26:39]} 8...Nb6 {[%clk 1:29:58]} 9.Bb5
{[%clk 1:18:00]} 9...Bg7 {[%clk 1:29:48]} 10.O-O {[%clk 1:17:02]} 10...O-O
{[%clk 1:28:15]} 11.Bxc6 {[%clk 1:15:32]} 11...bxc6 {[%clk 1:27:40]} 12.h3
{[%clk 1:14:04]} 12...Qc7 {[%clk 1:26:41]} 13.Qe2 {[%clk 1:10:22]} 13...c5
{[%clk 1:20:09]} 14.dxc5 {[%clk 1:08:45]} 14...Qxc5 {[%clk 1:19:47]} 15.Bg5
{[%clk 1:07:55]} 15...e6 {[%clk 1:13:23]} 16.Ne4 {[%clk 0:58:32]} 16...Qc4
{[%clk 1:13:00]} 17.Qxc4 {[%clk 0:39:58]} 17...Nxc4 {[%clk 1:12:12]} 18.Rac1
{[%clk 0:40:18]} 18...Ba6 {[%clk 1:07:00]} 19.Nc5 {[%clk 0:39:41]} 19...Bxb2
{[%clk 1:06:09]} 20.Nxa6 {[%clk 0:39:42]} 20...Bxc1 {[%clk 1:06:31]} 21.Rxc1
{[%clk 0:40:03]} 21...Rac8 {[%clk 1:05:02]} 22.Bf6 {[%clk 0:32:58]} 22...Nb6
{[%clk 1:00:11]} 23.Nc5 {[%clk 0:30:55]} 23...Nd7 {[%clk 0:54:15]} 24.Bd4
{[%clk 0:31:07]} 24...Rfd8 {[%clk 0:52:39]} 25.Be3 {[%clk 0:29:19]} 25...Nxc5
{[%clk 0:52:20]} 26.Rxc5 {[%clk 0:29:32]} 26...Rd1+ {[%clk 0:52:44]} 27.Kh2
{[%clk 0:29:55]} 27...Rxc5 {[%clk 0:53:08]} 28.Bxc5 {[%clk 0:30:22]} 28...a6
{[%clk 0:53:24]} 29.Bd4 {[%clk 0:26:10]} 29...Rd3 {[%clk 0:52:37]} 30.Bb2
{[%clk 0:26:14]} 30...a5 {[%clk 0:46:32]} 31.a3 {[%clk 0:23:37]} 31...a4 {[%clk
0:42:07]} 32.Ne5 {[%clk 0:17:49]} 32...Rd2 {[%clk 0:40:31]} 33.Bc3 {[%clk
0:18:15]} 33...Rxf2 {[%clk 0:40:50]} 34.Nd3 {[%clk 0:18:39]} 34...Rc2 {[%clk
0:38:18]} 35.Bf6 {[%clk 0:18:37]} 35...Ra2 {[%clk 0:28:32]} 36.Be7 {[%clk
0:18:18]} 36...f6 {[%clk 0:28:53]} 37.Bb4 {[%clk 0:18:28]} 37...e5 {[%clk
0:29:16]} 38.Nc5 {[%clk 0:18:30]} 38...Kf7 {[%clk 0:29:08]} 39.Kg3 {[%clk
0:18:28]} 39...f5 {[%clk 0:28:26]} 40.Nxa4 {[%clk 0:48:20]} 40...Ke6 {[%clk
0:58:13]} 41.Nb6 {[%clk 0:41:23]} 41...g5 {[%clk 0:55:03]} 42.a4 {[%clk
0:38:36]} 42...Rb2 {[%clk 0:53:14]} 43.Bc5 {[%clk 0:38:54]} 43...h5 {[%clk
0:52:39]} 44.Bg1 {[%clk 0:35:25]} 44...f4+ {[%clk 0:50:52]} 45.Kh2 {[%clk
0:35:51]} 45...f3 {[%clk 0:50:33]} 46.a5 {[%clk 0:35:30]} 46...Rxg2+ {[%clk
0:50:42]} 47.Kh1 {[%clk 0:35:50]} 47...Ra2 {[%clk 0:51:04]} 48.Be3 {[%clk
0:35:11]} 48...g4 {[%clk 0:51:29]} 49.hxg4 {[%clk 0:35:24]} 49...hxg4 {[%clk
0:51:54]} 50.Nc4 {[%clk 0:35:41]} 50...g3 {[%clk 0:52:12]} 51.Nd2 {[%clk
0:35:45]} 51...Ra1+ {[%clk 0:52:28]} 0-1

[Event "Najdorf Memorial"]
[Site "Warsaw POL"]
[Date "2021.07.18"]
[Round "9.9"]
[White "Sowul, Bartosz"]
[Black "Kaczmarek, Aleksander"]
[Result "0-1"]
[WhiteElo "2186"]
[BlackElo "2371"]
[EventDate "????.??.??"]
[PlyCount "66"]
[LiveChessVersion "1.4.8"]

1.d4 {[%clk 1:30:40]} 1...e6 {[%clk 1:30:25]} 2.Nc3 {[%clk 1:29:51]} 2...b6
{[%clk 1:26:19]} 3.Nf3 {[%clk 1:23:07]} 3...Bb7 {[%clk 1:26:10]} 4.e4 {[%clk
1:22:54]} 4...Ne7 {[%clk 1:25:17]} 5.Bd3 {[%clk 1:19:02]} 5...d6 {[%clk
1:22:17]} 6.O-O {[%clk 1:17:01]} 6...Ng6 {[%clk 1:22:33]} 7.Ne2 {[%clk 1:15:20]}
7...Be7 {[%clk 1:22:16]} 8.c3 {[%clk 1:14:15]} 8...Nd7 {[%clk 1:22:29]} 9.h3
{[%clk 1:03:44]} 9...h5 {[%clk 1:20:30]} 10.a4 {[%clk 1:03:18]} 10...a5 {[%clk
1:19:46]} 11.Qc2 {[%clk 1:00:53]} 11...h4 {[%clk 1:19:51]} 12.Nh2 {[%clk
0:57:35]} 12...e5 {[%clk 1:16:31]} 13.f4 {[%clk 0:54:48]} 13...Nf6 {[%clk
1:14:15]} 14.Bb5+ {[%clk 0:39:33]} 14...c6 {[%clk 1:11:21]} 15.Bc4 {[%clk
0:38:18]} 15...exf4 {[%clk 1:05:23]} 16.Nxf4 {[%clk 0:37:18]} 16...Nxf4 {[%clk
1:05:21]} 17.Bxf4 {[%clk 0:37:28]} 17...d5 {[%clk 1:05:06]} 18.exd5 {[%clk
0:24:48]} 18...cxd5 {[%clk 1:05:23]} 19.Bb5+ {[%clk 0:24:35]} 19...Kf8 {[%clk
1:05:50]} 20.Nf3 {[%clk 0:22:35]} 20...Ne4 {[%clk 0:57:29]} 21.Qe2 {[%clk
0:21:12]} 21...f6 {[%clk 0:50:22]} 22.Rae1 {[%clk 0:20:23]} 22...Kg8 {[%clk
0:49:23]} 23.Nd2 {[%clk 0:14:35]} 23...g5 {[%clk 0:43:09]} 24.Nxe4 {[%clk
0:09:50]} 24...dxe4 {[%clk 0:43:34]} 25.Bc4+ {[%clk 0:10:13]} 25...Kg7 {[%clk
0:43:14]} 26.Bxg5 {[%clk 0:01:45]} 26...fxg5 {[%clk 0:43:22]} 27.Rf7+ {[%clk
0:02:10]} 27...Kh6 {[%clk 0:37:19]} 28.Qg4 {[%clk 0:01:52]} 28...Qd6 {[%clk
0:34:45]} 29.Ref1 {[%clk 0:01:00]} 29...Rae8 {[%clk 0:31:42]} 30.Be6 {[%clk
0:00:45]} 30...Ref8 {[%clk 0:29:03]} 31.d5 {[%clk 0:00:33]} 31...Bxd5 {[%clk
0:27:59]} 32.Rxe7 {[%clk 0:00:34]} 32...Qc5+ {[%clk 0:26:27]} 33.Kh2 {[%clk
0:00:40]} 33...Rxf1 {[%clk 0:26:41]} 0-1

[Event "Najdorf Memorial"]
[Site "Warsaw POL"]
[Date "2021.07.18"]
[Round "9.10"]
[White "Suvorov, Alexander"]
[Black "Paprocki, Jaroslaw"]
[Result "1-0"]
[WhiteElo "2353"]
[BlackElo "2231"]
[EventDate "????.??.??"]
[PlyCount "131"]
[LiveChessVersion "1.4.8"]

1.d4 {[%clk 1:28:07]} 1...Nf6 {[%clk 1:30:18]} 2.c4 {[%clk 1:28:28]} 2...e6
{[%clk 1:30:22]} 3.Nc3 {[%clk 1:28:50]} 3...d5 {[%clk 1:28:57]} 4.cxd5 {[%clk
1:26:39]} 4...exd5 {[%clk 1:29:21]} 5.Bg5 {[%clk 1:27:00]} 5...Nbd7 {[%clk
1:27:05]} 6.e3 {[%clk 1:27:02]} 6...c6 {[%clk 1:27:01]} 7.Bd3 {[%clk 1:27:05]}
7...Be7 {[%clk 1:26:17]} 8.Nf3 {[%clk 1:25:39]} 8...Nh5 {[%clk 1:20:49]} 9.Bxe7
{[%clk 1:25:46]} 9...Qxe7 {[%clk 1:21:14]} 10.O-O {[%clk 1:26:04]} 10...O-O
{[%clk 1:19:15]} 11.Qb1 {[%clk 1:25:46]} 11...Nhf6 {[%clk 1:12:58]} 12.b4
{[%clk 1:23:58]} 12...a6 {[%clk 1:06:18]} 13.a4 {[%clk 1:19:41]} 13...Re8
{[%clk 1:05:22]} 14.b5 {[%clk 1:04:22]} 14...axb5 {[%clk 0:55:48]} 15.axb5
{[%clk 1:04:39]} 15...Rxa1 {[%clk 0:56:04]} 16.Qxa1 {[%clk 1:05:08]} 16...c5
{[%clk 0:55:22]} 17.dxc5 {[%clk 0:57:26]} 17...Nxc5 {[%clk 0:55:34]} 18.Bb1
{[%clk 0:50:06]} 18...Bg4 {[%clk 0:47:30]} 19.Nd4 {[%clk 0:39:33]} 19...Ne6
{[%clk 0:38:55]} 20.Nce2 {[%clk 0:30:34]} 20...Qb4 {[%clk 0:27:03]} 21.Bd3
{[%clk 0:27:32]} 21...Nc5 {[%clk 0:21:20]} 22.Rb1 {[%clk 0:21:37]} 22...Qd2
{[%clk 0:20:35]} 23.Rd1 {[%clk 0:21:45]} 23...Qb4 {[%clk 0:20:26]} 24.Nc2
{[%clk 0:18:27]} 24...Qa4 {[%clk 0:17:47]} 25.Qxa4 {[%clk 0:15:32]} 25...Nxa4
{[%clk 0:18:14]} 26.Ncd4 {[%clk 0:14:52]} 26...Nb2 {[%clk 0:13:53]} 27.Rd2
{[%clk 0:15:20]} 27...Nxd3 {[%clk 0:12:54]} 28.Rxd3 {[%clk 0:15:49]} 28...Rc8
{[%clk 0:10:31]} 29.f3 {[%clk 0:15:24]} 29...Bd7 {[%clk 0:08:59]} 30.Ra3 {[%clk
0:15:25]} 30...Ne8 {[%clk 0:08:05]} 31.Nf4 {[%clk 0:13:31]} 31...Nf6 {[%clk
0:07:10]} 32.Ra7 {[%clk 0:12:08]} 32...Rb8 {[%clk 0:07:11]} 33.h4 {[%clk
0:10:34]} 33...h5 {[%clk 0:07:06]} 34.Kf2 {[%clk 0:09:08]} 34...Kf8 {[%clk
0:07:23]} 35.Nd3 {[%clk 0:09:20]} 35...Bc8 {[%clk 0:02:24]} 36.Kg3 {[%clk
0:05:58]} 36...Ke8 {[%clk 0:01:41]} 37.Kf4 {[%clk 0:06:00]} 37...Kd8 {[%clk
0:01:27]} 38.Ne5 {[%clk 0:05:40]} 38...Kc7 {[%clk 0:00:45]} 39.Nxf7 {[%clk
0:04:17]} 39...Kb6 {[%clk 0:01:12]} 40.Ra3 {[%clk 0:34:24]} 40...Bd7 {[%clk
0:31:31]} 41.Ne5 {[%clk 0:32:07]} 41...Be8 {[%clk 0:32:00]} 42.g4 {[%clk
0:21:55]} 42...Rc8 {[%clk 0:27:52]} 43.g5 {[%clk 0:19:38]} 43...Ng8 {[%clk
0:26:59]} 44.Nf5 {[%clk 0:15:33]} 44...Rd8 {[%clk 0:25:24]} 45.Nxg7 {[%clk
0:14:01]} 45...Kxb5 {[%clk 0:25:11]} 46.Rb3+ {[%clk 0:11:46]} 46...Ka6 {[%clk
0:25:33]} 47.Ne6 {[%clk 0:11:57]} 47...Rc8 {[%clk 0:25:56]} 48.g6 {[%clk
0:11:45]} 48...Ba4 {[%clk 0:24:02]} 49.Rd3 {[%clk 0:07:45]} 49...Ne7 {[%clk
0:24:15]} 50.Kg5 {[%clk 0:07:48]} 50...b5 {[%clk 0:23:54]} 51.f4 {[%clk
0:07:49]} 51...Bc2 {[%clk 0:22:53]} 52.Rd2 {[%clk 0:05:24]} 52...b4 {[%clk
0:16:06]} 53.Nd4 {[%clk 0:05:51]} 53...b3 {[%clk 0:15:32]} 54.Nxb3 {[%clk
0:05:42]} 54...Bxb3 {[%clk 0:15:56]} 55.f5 {[%clk 0:05:48]} 55...Nxf5 {[%clk
0:09:08]} 56.Kxf5 {[%clk 0:06:07]} 56...Rf8+ {[%clk 0:09:35]} 57.Kg5 {[%clk
0:04:33]} 57...Re8 {[%clk 0:09:59]} 58.Kf6 {[%clk 0:04:21]} 58...Kb5 {[%clk
0:07:53]} 59.g7 {[%clk 0:03:47]} 59...d4 {[%clk 0:04:06]} 60.Rb2 {[%clk
0:03:14]} 60...Ka4 {[%clk 0:02:56]} 61.Rxb3 {[%clk 0:03:20]} 61...Kxb3 {[%clk
0:03:16]} 62.exd4 {[%clk 0:03:40]} 62...Ra8 {[%clk 0:03:09]} 63.Ng6 {[%clk
0:03:41]} 63...Kc3 {[%clk 0:01:00]} 64.Ne7 {[%clk 0:04:01]} 64...Kxd4 {[%clk
0:00:32]} 65.g8=Q {[%clk 0:04:28]} 65...Rxg8 {[%clk 0:00:31]} 66.Nxg8 {[%clk
0:04:56]} 1-0